Представление документа в формате RUSMARC

ПолеНазваниеЗначение
  Тип записи a
  Библиографический уровень m
001 Контрольный номер ccbcd9585fb44b159cd6c4e2fde7dde8
005 Дата корректировки 20140617183327.3
010 Индекс ISBN __
a ISBN 978-5-394-01043-9
d Цена 225.00
101 Язык документа __
a Язык текста rus
102 Страна публикации __
a Страна публикации RU
200 Заглавие и сведения об ответственности __
a Заглавие Поведение потребителей
e Сведения, относящиеся к заглавию учебник
b Общее обозначение материала Текст
f Первые сведения об ответственности О. М. Меликян
205 Сведения об издании __
a Основные сведения об издании 4-е изд.
210 Выходные данные __
d Дата издания 2012
c Издательство Дашков и К
a Место издания М.
215 Физическое описание __
a Объем с. 279, [1]
300 Общие примечания __
a Общие примечания гриф
610 Ключевые слова __
a Ключевые слова гриф
610 Ключевые слова __
a Ключевые слова учебник
610 Ключевые слова __
a Ключевые слова <*>
610 Ключевые слова __
a Ключевые слова поведение потребителей
610 Ключевые слова __
a Ключевые слова маркетинг
610 Ключевые слова __
a Ключевые слова потребности
610 Ключевые слова __
a Ключевые слова товар
610 Ключевые слова __
a Ключевые слова рынок
610 Ключевые слова __
a Ключевые слова мотивация
610 Ключевые слова __
a Ключевые слова потребительское поведение
610 Ключевые слова __
a Ключевые слова стиль жизни
610 Ключевые слова __
a Ключевые слова консюмеризм
686 Индексы других классификаций __
a Классификационный индекс 65.050.9(2)24я73
2 Код системы rubbk
700 Автор __
a Фамилия Меликян
b Имя О.М.
g Полное личное имя Оганнес Мартинович
801 Источник записи _0
a Страна RU
b Организация РУК
c Дата составления 20131226
g Правила каталогизации PSBO
801 Источник записи _1
a Страна RU
b Организация РУК
c Дата составления 20131226
g Правила каталогизации PSBO
852 Данные о местонахождении __
i Авторский знак М 47
901 Тип документа __
t Тип документа m
938 Служебная информация __
a Название организации Головной вуз
b Имя БД BOOK
c Название АИБС АИБС ИРБИС